[Event "Nanjing Pearl Spring 2nd"]
[Site "Nanjing"]
[Date "2009.09.30"]
[Round "3"]
[White "Wang, Yue"]
[Black "Carlsen, Magnus"]
[Result "1/2-1/2"]
[WhiteElo "2736"]
[BlackElo "2772"]
[Annotator "Krasenkow,M"]
[PlyCount "115"]
[EventDate "2009.09.28"]
[EventType "tourn"]
[EventRounds "10"]
[EventCountry "CHN"]
[EventCategory "21"]
[SourceTitle "CBM 133"]
[Source "ChessBase"]
[SourceDate "2009.11.19"]
[SourceVersion "1"]
[SourceVersionDate "2009.11.19"]
[SourceQuality "1"]

1. d4 Nf6 2. c4 g6 3. Nc3 d5 4. Bf4 Bg7 5. e3 O-O 6. Rc1 Be6 $5 {A rare but
playable move, instead of the normal continuations} (6... c5) (6... c6) (6...
dxc4) 7. c5 $6 {This is probably too ambitious. White will hardly be able to
hold this structure.} (7. Nf3 dxc4 {leads to a popular D92 line}) (7. Qb3 {
is the main alternative to the text move:} b6 8. Nf3 c5 $5 (8... c6 $143 9. Ng5
dxc4 10. Bxc4 Bxc4 11. Qxc4 Nd5 12. Nxd5 cxd5 13. Qb3 e6 14. O-O Nd7 15. Nf3
Nf6 16. Qa4 $14 {1-0 Farago,I (2510)-Groszpeter,A (2375)/Budapest 1979/MCD (58)
}) (8... Nc6 $6 9. Qa4 $1 (9. cxd5 $143 Nxd5 10. Nxd5 Bxd5 11. Qa4 e5 $1 12.
Bg5 f6 $13 {0-1 Soln,P (2280)-Jelen,I (2400)/Vrhnika 1995/EXT 1998 (33)}) 9...
Na5 10. cxd5 Nxd5 11. Nxd5 Qxd5 12. b4 Bd7 13. Qa3 Nc6 14. Bc4 $16) 9. dxc5 (9.
Rd1 dxc4 10. Bxc4 Bxc4 11. Qxc4 cxd4 12. Nxd4 Qc8 13. Qe2 Nc6 $11 {1/2 Bhat,V 
(2481)-Kudrin,S (2566)/Tulsa 2008/CBM 123 Extra (19)}) (9. cxd5 Nxd5 10. Nxd5
Bxd5 11. Bc4 Bxf3 $1 12. gxf3 Nc6 $132) 9... Nbd7 $5 10. c6 (10. cxb6 Nc5 11.
Qb4 axb6 $44) 10... Nc5 11. Qd1 (11. c7 Qc8 12. Qb4 dxc4 13. Bxc4 Nh5 $132) (
11. Qb4 Rc8 $132) 11... dxc4 12. Qxd8 Rfxd8 13. Nd4 Nd5 14. Nxe6 Nxe6 15. Nxd5
Rxd5 16. Rxc4 Bxb2 $10 {Vainerman,I (2385)-Serebro,A/USSR 1987/Inf 45}) 7... c6
(7... Nh5 $5 8. Bg5 b6 9. b4 a5 10. a3 axb4 11. axb4 bxc5 12. bxc5 h6 13. Bh4
f5 14. Bd3 Nf6 15. Bxf6 Bxf6 16. f4 c6 17. Nf3 Nd7 $13 {1/2 Van der Werf,M 
(2389)-Negi,P (2526)/Wijk aan Zee 2008/CBM 122 (56)}) 8. Bd3 (8. h3 b6 9. b4
Ne4 10. Nf3 a5 11. Na4 Nd7 $2 (11... b5 $142 12. Nb6 Ra7 $13) 12. b5 $1 bxc5 $2
(12... cxb5 13. Bxb5 bxc5 14. dxc5 $16) 13. bxc6 g5 14. Nxg5 Nxg5 15. Bxg5 Nf6
16. Nxc5 Qd6 17. Bb5 {1-0 Timoscenko,G (2494)-Michalik,P (2330)/Banska
Stiavnica 2006/CBM 113 ext}) 8... Bg4 $5 {Black starts preparing ...e7-e5.} (
8... b6 9. b4 a5 {is another plan.}) 9. Qc2 (9. Nge2 {looks more logical.})
9... Nfd7 $5 10. Bxb8 $6 (10. h3 e5 $1 11. Bxe5 (11. dxe5 Be6 12. Nf3 Nxc5 $11)
11... Nxe5 12. hxg4 (12. dxe5 Be6 13. f4 Nd7 14. Nce2 f6 15. f5 $1 gxf5 16. Nd4
Re8 $44) 12... Nxg4 13. Be2 $11 {S.Zagrebelny}) 10... Nxb8 $1 (10... Rxb8 11.
h3 Be6 $11) 11. h3 Bc8 12. f4 (12. Nf3 Nd7 {[%cal Ye7e5]}) 12... b6 13. Na4 (
13. b4 a5 14. a3 axb4 15. axb4 Na6 $1 16. Bxa6 (16. Rb1 bxc5 17. bxc5 Qa5 $17 {
[%cal Ra6c5,Ra6b4]}) (16. Qb2 bxc5 17. bxc5 Qa5 18. Ra1 Nxc5 $1 19. Rxa5 Nxd3+
20. Kd2 Nxb2 21. Rxa8 Nc4+ $17) 16... Bxa6 17. Nf3 bxc5 18. bxc5 f6 $15 {
[%cal Ye7e5]}) 13... e5 $1 {[%mdl 512] In Kasparov's style! Black opens up the
position against the opponent's uncastled king.} 14. dxe5 (14. fxe5 f6 15. e6
Re8 $15 {[%csl Re3]}) 14... f6 15. exf6 Qxf6 16. Nf3 (16. cxb6 $5 axb6 17. a3 (
17. Nxb6 Rxa2) (17. Nf3 b5 18. Nc3 Qe7 19. Kf2 Na6 $36) 17... b5 18. Nb6 Ra7
19. Nxc8 Rxc8 $36 {[%cal Ya7e7,Yc8e8]}) 16... Qe7 17. Kf2 b5 18. Nc3 Na6 19.
Qd2 (19. Nd1 Nb4 20. Qd2 Nxd3+ 21. Qxd3 Bf5 22. Qd2 Be4 {[%cal Rg6g5]} 23. h4
Rae8 $17) (19. Bxb5 Bf5 $1 $17) 19... Nxc5 $17 {Black has recaptured the pawn
and has a lot of advantages: a bishop pair, weakness of the white king and the
e3-pawn.} 20. Bb1 Kh8 (20... Bb7 {[%cal Ya8e8]}) (20... Bd7) 21. b4 $6 {
[%csl Rc4] Additionally weakening the c4-square.} (21. Ne2 $5 {[%cal Ye2d4]})
21... Nb7 22. Ne2 Nd6 $1 23. Ned4 (23. Rxc6 Nc4 24. Qd3 a5 $1 $17 {[%csl Rc6]})
23... Nc4 24. Qd3 Bd7 25. h4 {This counterattack is White's only chance.} Rae8
26. Rce1 (26. h5 Nxe3 27. hxg6 Rxf4 28. Rxh7+ Kg8 $17 {S.Zagrebelny}) 26...
Qxb4 27. h5 Nd6 (27... Bf5 $5 28. Qb3 Qd6 $17) 28. hxg6 Ne4+ 29. Kg1 h6 30. Rc1
Qb2 31. Qc2 Qa3 ({Simpler is} 31... Qxc2 32. Bxc2 Ng3 33. Rh4 c5 {with an
overwhelming position.}) 32. Nb3 c5 33. Re1 Bf5 34. Nh4 c4 35. Nxf5 Rxf5 36.
Nd2 Rxf4 $1 37. Qd1 $1 (37. exf4 $4 Bd4+ $19) 37... Rf6 (37... Rff8 $5 {
was probably a bit more accurate:} 38. Nxe4 dxe4 39. Qd7 (39. Rh5 a6) 39... Re7
40. Qxb5 Qc3 41. Re2 Qf6 $19) 38. Nxe4 dxe4 39. Qd7 {The white queen (not
exchanged by Black on move 31) becomes extremely active.} Qe7 $6 (39... Re7 $1
40. Qxb5 Qc3 41. Qb8+ Rf8 42. Qg3 Qd2 {S.Zagrebelny} 43. Rf1 Rxf1+ 44. Kxf1 Re8
{[%cal Rd2d1]} 45. Kg1 Be5 $1 $19) 40. Qxb5 Qe6 $2 {The 40th move!} (40... Rxg6
{was still winning a pawn and eventually the game as} 41. Qxc4 $2 {led to a
mating attack for Black:} Rxg2+ 42. Kxg2 Qg5+ 43. Kf2 (43. Kh3 Be5 44. Rhg1
Qh5+ 45. Kg2 Qf3#) 43... Rf8+ 44. Ke2 Qg2+ 45. Kd1 Rd8+ $19 {S.Zagrebelny}) 41.
Rh4 {White now keeps the material balance and equalizes.} Rf5 42. Qa4 {[%cal
Rh4e4,Ra4a7]} Ref8 43. Rxe4 Qxg6 44. Re8 Rxe8 45. Bxf5 Qf7 46. Qd7 Qxd7 47.
Bxd7 Rd8 48. Rd1 c3 49. Ba4 Rxd1+ 50. Bxd1 Be5 51. Kf1 Kg7 52. Ke2 h5 53. Kd3
h4 54. Bf3 Kf6 55. Kc2 Ke6 56. Kd3 Kf6 57. Kc2 Ke6 58. Kd3 1/2-1/2

[Event "Nanjing Pearl Spring 2nd"]
[Site "Nanjing"]
[Date "2009.10.01"]
[Round "4"]
[White "Jakovenko, Dmitrij"]
[Black "Carlsen, Magnus"]
[Result "0-1"]
[WhiteElo "2742"]
[BlackElo "2772"]
[Annotator "Ftacnik,L"]
[PlyCount "126"]
[EventDate "2009.09.28"]
[EventType "tourn"]
[EventRounds "10"]
[EventCountry "CHN"]
[EventCategory "21"]
[SourceTitle "CBM 133"]
[Source "ChessBase"]
[SourceDate "2009.11.19"]
[SourceVersion "1"]
[SourceVersionDate "2009.11.19"]
[SourceQuality "1"]

1. e4 c5 2. Nf3 d6 3. d4 cxd4 4. Nxd4 Nf6 5. Nc3 a6 6. Be2 e5 7. Nb3 Be7 8. O-O
O-O 9. Be3 Be6 10. Qd2 Nbd7 11. a4 Nb6 12. a5 Nc4 13. Bxc4 Bxc4 14. Rfd1 Rc8
15. f3 {Jakovenko is not rushing the issue and intentionally sidesteps the
main move with the transfer of the knight from b3. Presumably he was not too
happy about the possibility of his opponent's counterplay with the ...d6-d5
advance.} (15. Nc1 d5 $5 {The quiet continuation is fine as well, but White
tends to play for an advantage.} (15... Qc7 16. Nd3 (16. Bb6 Qc6 17. f3 h6 (
17... Rfe8 18. N1a2 Bxa2 19. Rxa2 h6 20. Raa1 Qc4 21. Ra4 Qc6 22. Qd3 $14 {
1-0 Barbulescu,D (2465)-Womacka,M (2375)/Eforie Nord 1984 (67)}) 18. Nd3 Bxd3
19. Qxd3 Qc4 20. Be3 Rc6 21. Qxc4 Rxc4 22. Kf1 {1/2-1/2 Karpov,A (2710)
-Ostermeyer,P (2450)/Hannover 1983 (80)}) (16. N1e2 Bxe2 17. Qxe2 Qc4 18. Qf3
h6 19. Ra4 Qe6 20. Rb4 Rc7 21. Qe2 Rfc8 22. Qd3 Rd7 23. Nd5 Bd8 24. Qb3 Bxa5
25. Rxb7 Rxb7 26. Qxb7 Rxc2 27. Nxf6+ gxf6 28. b4 Rc7 29. Qb8+ Rc8 30. Qb7 Rc7
31. Qxa6 Bxb4 {1-0 Tal,M (2610)-Rodriguez,R (2415)/Moscow 1982 (41)}) (16. f3
Be6 17. Bb6 Qb8 18. N1a2 Nd7 19. Be3 f5 20. exf5 Rxf5 21. Nb4 Nf6 22. Nbd5 Bf8
23. Qd3 Rc6 24. Nxf6+ Rxf6 25. Nd5 $14 {0-1 Cernousek,L (2242)-Efimenko,Z 
(2439)/Balatonlelle 2001 (42)}) 16... Bxd3 (16... d5 17. Bb6 Qb8 18. exd5 Nxd5
19. Nxd5 Bxd5 20. Nxe5 Qxe5 21. Qxd5 Qxd5 22. Rxd5 Rxc2 23. Rd7 Bf6 24. Rxb7
Rxb2 25. Rd1 Bd4 26. Ra7 {1/2-1/2 Czarnota,P (2497)-Heberla,B (2487)/Krakow
2006}) 17. Qxd3 h6 18. Qe2 Qc4 19. Qf3 Rfe8 20. Ra4 Qc7 21. Qe2 Qd7 22. Rb4 Rc6
23. Nd5 Nxd5 24. Rxd5 $14 {1/2-1/2 Oral,T (2538)-Vokac,M (2451)/Czechia 2009 
(45)}) 16. Bb6 Qe8 17. exd5 Bb4 18. N1a2 $2 (18. d6 Qd7 19. Nd3 Qxd6 $11) 18...
Bxa2 19. Rxa2 Bxc3 20. bxc3 Ne4 21. Qd3 Nxc3 22. Raa1 Nxd1 23. Rxd1 Qd7 {
0-1 Ivanov,O (2461)-Luzhinsky,V (2298)/Alushta 2009 (35)}) 15... Rc6 16. Kh1 {
Black was ready to employ tactics and push the d-pawn at a suitable moment.} (
16. Nc1 d5 $1 17. exd5 Nxd5 18. Nxd5 Bxd5 19. Nd3 Qd6 20. b3 $11) 16... Qc8 17.
Rac1 Rd8 18. Nd5 {The waiting game is over. Jakovenko is forced to close the
centre in order to prevent the activity of the enemy pieces.} Bxd5 (18... Nxd5
$2 19. exd5 Rc7 20. Bb6 $14) 19. exd5 Rc4 20. Qd3 e4 $1 {Just in time Carlsen
opens the new front along the e-file.} 21. fxe4 (21. Qe2 exf3 22. Qxf3 Rxc2 23.
Bg5 Qc4 $15) 21... Rxe4 22. c4 Re8 23. Bg1 {White has not sensed the
imperative necessity to react actively against the mounting concentration of
black pieces.} (23. Nd2 Rh4 (23... Rg4 24. b4 Nd7 25. Nf3 $11) 24. Bd4 Nh5 (
24... Qg4 25. Bxf6 Bxf6 26. Nf3 Rh5 27. Re1 Rf8 28. Rc2 $14) 25. Nf3 Rg4 26.
Qc2 Bf6 $11) 23... Bf8 24. Nd4 $6 (24. Rf1 Qg4 25. h3 Qg5 26. Nd4 $11) 24... g6
25. Rf1 (25. b4 Bh6 $1 26. Rc2 Be3 27. Bxe3 Rxe3 28. Qf1 Qg4 $15) 25... Bh6 26.
Qf3 (26. Rcd1 Ng4 $17) (26. Rc2 Ng4 $17) 26... Rf4 {Quite conciously Black is
avoiding the immediate draw after the simple exchange of pieces.} (26... Bxc1
27. Qxf6 Bxb2 28. Qxf7+ Kh8 29. Qf6+ $11) 27. Qd3 Ng4 (27... Rxf1 28. Rxf1 Nd7
29. Nf3 Nc5 30. Qc2 Ne4 31. Bb6 f5 32. Kg1 $11) 28. Nf3 $2 {White is not
objecting to the opponent's control of the e file. The exchange of the rooks
was still keeping the position fairly even.} (28. Rxf4 Bxf4 29. Rf1 Be3 30. b3
$11) 28... Rfe4 29. Rc3 (29. Rc2 f5 $17) 29... Ne3 (29... Be3 $1 30. b4 Bxg1
31. Kxg1 Ne3 32. Re1 Qg4 33. Re2 Kf8 $17) 30. Re1 Qg4 31. Re2 Qh5 32. Bxe3 Rxe3
33. Rxe3 Bxe3 $2 {The role of the favourite is really difficult and sometimes
forces players to take extreme risks. Naturally a better solution was to take
on e3 with the rook.} (33... Rxe3 $1 34. Qd1 (34. Qc2 Rxc3 35. Qxc3 Qf5 $17)
34... Rxc3 35. bxc3 Bg7 36. h3 Qf5 $15) 34. Qe2 Qh6 35. c5 $1 dxc5 36. d6 Re6
$1 37. d7 Bg5 38. Qd1 $2 {The tables have turned and Jakovenko had a chance to
become the master of the situation after the exchange of minor pieces.} (38.
Nxg5 $1 Qxg5 39. Qd1 Qd8 40. Kg1 (40. Rxc5 $2 Qxd7 $19) 40... Re7 41. Rd3 $14)
38... Bd8 39. Rxc5 Qf8 40. Rd5 $6 {The last move before the time control is
often critical. Carlsen will get a chance to activate his major pieces.} (40.
Rc8 $2 Rd6 $1 $17) (40. Qd4 Rd6 41. Rd5 Rxd5 42. Qxd5 Qb4 43. b3 (43. h3 Qxb2
44. Ne5 Qc1+ 45. Kh2 Qf4+ 46. Kg1 Kg7 $15) 43... Qxa5 44. Qxb7 Qa1+ 45. Ng1 $11
) 40... Qb4 41. b3 (41. Qc1 Re2 42. Rc5 Qa4 (42... Qg4 43. Qf1 Rxb2 44. Ne5 Qf5
45. Qxf5 gxf5 46. Kg1 Kf8 47. Rc8 Ke7 48. Nxf7 Kxd7 49. Rxd8+ Ke7 $11) 43. Ng1
Re4 44. Rd5 $15) 41... Re3 42. Nd2 Qc3 43. Nf3 (43. Qb1 f5 44. Qf1 Re5 $15)
43... Qb4 {Blinded by the heat of the fight both players are mysteriously
ignoring the possibility to eliminate the b3-pawn.} (43... Qxb3 $1 44. Kg1
Qxd1+ 45. Rxd1 Kf8 46. Rb1 Ke7 47. Rxb7 Re6 $17) 44. Nd2 Qf4 45. Nf3 (45. Kg1
Qh4 46. Nf3 Qb4 47. Nd2 Qh4 $11) 45... Rc3 46. Qe2 (46. Nd2 f5 47. h3 Kf7 $15)
46... Qe3 47. Qxe3 Rxe3 48. Rd4 {Yet another phase of the game is over and
White has found himself in an unpleasant position despite the threatening
d7-pawn.} (48. Kg1 f6 (48... Rxb3 49. Re5 $1 Kg7 50. Re8 Bxa5 51. d8=Q Bxd8 52.
Rxd8 a5 $11) 49. Rd4 Kf7 50. Rb4 Ke7 51. Rxb7 Bxa5 52. Nd4 Rc3 53. Kf2 h5 54.
b4 Bd8 55. b5 axb5 56. Nxb5 $15) 48... Kf8 (48... Rxb3 49. Re4 Rb1+ 50. Ng1
Bxa5 51. Re8+ Kg7 52. d8=Q Bxd8 53. Rxd8 h5 (53... a5 54. Ra8 Ra1 55. Rb8 $11)
54. Ra8 g5 $17) 49. Rb4 $2 {There was no easy solution to White's problems,
but the chosen path is worse than the alternative.} (49. Kg1 Ke7 50. b4 f5 51.
Ng5 (51. Kf2 Re4 52. Rxe4+ fxe4 53. Nd4 Kxd7 54. Ke3 Be7 55. b5 Bb4 56. bxa6
bxa6 57. Nb3 Kc6 $17) 51... b6 52. Nxh7 bxa5 53. bxa5 Bxa5 54. Nf8 Kxf8 55.
d8=Q+ Bxd8 56. Rxd8+ Kg7 $15) 49... Rd3 $1 50. Rxb7 Rd1+ 51. Ng1 Bxa5 52. g4 {
One more level of uncertainty is gone. White will be struggling in the endgame
without the a-pawn.} (52. b4 Bd8 53. g3 (53. Ra7 $6 Bb6 54. d8=Q+ Bxd8 55. Rxa6
Bg5 $1 56. Ra3 Re1 $19) 53... Ke7 $17) 52... Ke7 53. Kg2 Rxd7 54. Rxd7+ Kxd7
55. Kf3 (55. Nf3 Bd8 56. Kf2 Kd6 $17) 55... Kd6 56. Ke4 Kc5 57. Kd3 Kd5 58. Nf3
Bd8 59. h3 h6 60. h4 $2 {White's position is objectively hopeless, but Carlsen
would have to work hard on converting his advantage to the full point.
Exposing the pawn by moving to a square of the same colour as the bishop will
significantly shorten the defender's suffering.} (60. Ke3 Bb6+ 61. Kf4 Bf2 $17)
(60. Nd4 Bb6 61. Nf3 Bc5 62. Ne1 Ke5 63. Ng2 Ba7 64. Kd2 (64. b4 Bb6 65. Ne1
Kf4 66. Ke2 Kg3 67. Nd3 Kxh3 68. Kf3 Bd8 69. Nc5 g5 70. Nxa6 f5 $19) 64... Ke4
65. Ke2 Bd4 66. Ne1 Kf4 67. Nf3 Bb6 68. Nd2 Kg3 69. Ne4+ Kxh3 70. Kf3 Bc7 71.
Nf6 (71. Nc5 a5 72. Nd7 Kh4 73. Nf6 Bd8 74. Nd5 h5 $19) 71... Kh4 72. Ne4 (72.
Nd5 Be5 73. Nb4 Bd6 74. Nd5 Kg5 $19) 72... g5 73. Nf6 Bd8 74. Nd5 h5 $19) 60...
h5 $1 61. gxh5 (61. g5 Bb6 62. Nd2 Bf2 63. Nf3 Ba7 64. Nd2 Ke5 $19) 61... gxh5
62. Ke3 Kc5 63. Kd3 (63. Ke4 Kb4 64. Ne5 Bxh4 65. Nxf7 Kxb3 66. Nd6 Bf6 67. Nb7
Kb4 $19) 63... Kb4 {Zugzwang is a sufficient reason for abandoning the
resistance.} (63... Kb4 64. Kc2 Bf6 $1 $19) 0-1

[Event "Nanjing Pearl Spring 2nd"]
[Site "Nanjing"]
[Date "2009.10.05"]
[Round "7"]
[White "Topalov, Veselin"]
[Black "Carlsen, Magnus"]
[Result "1/2-1/2"]
[WhiteElo "2813"]
[BlackElo "2772"]
[Annotator "Rogozenco,D"]
[PlyCount "85"]
[EventDate "2009.09.28"]
[EventType "tourn"]
[EventRounds "10"]
[EventCountry "CHN"]
[EventCategory "21"]
[SourceTitle "CBM 133"]
[Source "ChessBase"]
[SourceDate "2009.11.19"]
[SourceVersion "1"]
[SourceVersionDate "2009.11.19"]
[SourceQuality "1"]

1. e4 c5 2. Nf3 Nc6 3. d4 cxd4 4. Nxd4 Nf6 5. Nc3 e5 6. Ndb5 d6 7. Bg5 a6 8.
Na3 b5 9. Bxf6 gxf6 10. Nd5 Bg7 11. Bd3 Ne7 12. Nxe7 Qxe7 13. O-O O-O 14. c4 f5
15. Qh5 Rb8 16. exf5 e4 17. Rae1 Bb7 18. Qg4 Rfe8 19. cxb5 d5 20. bxa6 Bc6 21.
Rc1 {After Shirov's success in this variation versus Carlsen (Sofia 2009),
Topalov decides to try a rare continuation too. But the Norwegian came well
prepared and shows how to neutralize White's last move.} (21. b3 Kh8 $146 22.
Nc2 Be5 23. Be2 d4 24. Bc4 Rg8 25. Qh3 Rg7 26. g3 Rbg8 27. Qh6 Qc7 $2 (27...
Ba8 $44) 28. Nb4 Ba8 29. Nd5 $18 {1-0 Shirov,A (2745)-Carlsen,M (2770)/Sofia
2009 (30)}) 21... exd3 $1 $146 {This novelty practically leads to a draw by
force.} (21... Ba8 $2 {allows} 22. Rc7 {with a large advantage for White in
all variations:} Qe5 (22... Qxc7 $2 23. f6 {with mate}) 23. Bb5 Rf8 (23... Re7
24. f6 Qxf6 25. Rc8+ Rxc8 26. Qxc8+ Bf8 27. Qxa8 Qxb2 28. Qxd5 Qxa3 29. Qg5+
Kh8 30. Rd1 $18) (23... Red8 24. a7 Rb6 25. Rc8 $1 Rbd6 (25... Rxc8 26. f6 Qxf6
27. Qxc8+ Bf8 28. Qxa8 $18) 26. Rfc1 $18) (23... Rec8 24. Rxc8+ Rxc8 25. f6 $18
) 24. Rfc1 Qxb2 (24... d4 25. R1c5 Qf6 26. a7 Rbd8 27. Bc6 $18) 25. a7 Rbd8 26.
R7c2 Qf6 27. Bc6 $16 {/+-}) (21... Bd7 22. Be2 Rxb2 23. Rc7 Qd6 {1-0 Koeller,O
(2290)-Schelle,A (2150)/Aschach 1998 (28)} 24. Rxd7 Qxd7 25. Bb5 Rxb5 26. Nxb5
d4 27. Nc7 Rc8 28. Nd5 $18) 22. Rxc6 {[%cal Gf5f6]} Qe2 (22... Kh8 23. Qf3 $5 (
23. b3 $2 Qxa3) 23... Bxb2 24. Nb1 Qe4 (24... Qd7 25. Rc5 Rb5 26. Rxb5 Qxb5 27.
Nd2 $16) (24... Qe2 25. Qxd5 Rbd8 26. Rd6 $18) 25. Qxe4 dxe4 26. Nd2 $16) 23.
h3 (23. f3 $4 d2 $19) (23. Qg3 $4 d2 $19) (23. Qxe2 $2 dxe2 24. Re1 Rxb2 $17)
23... Rxb2 24. f6 Qxg4 25. hxg4 Rxa2 (25... Bf8 26. Nb1 Rxa2 {is the same as
the game}) 26. Nb1 (26. Nb5 $2 d2 $19 {[%cal Ge8e1]}) (26. fxg7 Rxa3 $11) 26...
Bf8 27. Rc3 (27. Rd1 {makes little sense, since White does not threaten to
take the pawn due to the check on e1. Therefore Black can continue with the
simple} h6 {and after for instance} 28. g3 {-} Rc2 $11 {[%cal Gf8c5]}) 27...
Rxa6 ({Also possible is} 27... d2 28. Rd3 Bb4 29. Rxd5 Rxa6 30. Nxd2 Bxd2 31.
Rxd2 Rxf6 $14) 28. Rxd3 Rxf6 {After more or less forced sequence of moves the
players have achieved a position, which with elementary accuracy from Black is
a draw.} 29. Rxd5 ({Or} 29. Nc3 Bc5 $11 {with the idea to take on f2 followed
by a check on e1.}) 29... Bb4 $1 {The most White can achieve now is 4-rooks
endgame 3 versus 2 on the kingside. All Black has to do is to be ready to
exchange the minor pieces as soon as the white knight moves from b1.} 30. g3
Re2 31. Kg2 Be1 32. Rf5 Rxf5 33. gxf5 Bb4 34. Rc1 h5 35. Rc4 ({Also after} 35.
Kf3 Rb2 36. Ke3 Kg7 {Black is completely out of danger.}) 35... Rb2 36. Nc3
Bxc3 37. Rxc3 Rb5 38. Rf3 Kg7 39. Kh3 Kh6 40. Kh4 Rb1 41. Kh3 Rb5 42. Kh4 Rb1
43. Kh3 1/2-1/2